[Event "Liptovsky Mikulas V4 U11 op"]
[Site "Liptovsky Mikulas"]
[Date "2017.06.25"]
[Round "9"]
[White "Boserle, Martin"]
[Black "Morysova, Marie"]
[Result "1-0"]
[WhiteElo "1000"]
[BlackElo "1000"]
[PlyCount "77"]
[EventDate "2017.06.22"]
[EventType "swiss"]
[EventRounds "9"]
[EventCountry "SVK"]
[SourceTitle "CBM 179 Extra"]
[Source "ChessBase"]
[SourceDate "2017.08.23"]
[SourceVersion "1"]
[SourceVersionDate "2017.08.23"]
[SourceQuality "1"]

1. e4 e5 2. Nf3 Nc6 3. Nc3 Nf6 4. Bb5 Bb4 5. 0-0 0-0 6. d3 d6 7. Bg5 h6 8. Be3 Bg4 9. Nd5 Nd4 10. Nxd4 exd4 11. Qc1 dxe3 12. fxe3 Nxd5 13. exd5 c6 14. dxc6 bxc6 15. Ba6 Qb6 16. Bc4 d5 17. h3 Bf5 18. Qd1 Bg6 19. g4 dxc4 20. h4 h5 21. Kh1 hxg4 22. Qxg4 cxd3 23. cxd3 Rad8 24. Rg1 Rxd3 25. h5 Rd2 26. hxg6 Qc5 27. e4 Qd6 28. Rg2 fxg6 29. Qh3 Rd1+ 30. Rxd1 Qxd1+ 31. Kh2 Bd6+ 32. Rg3 Rf2+ 33. Qg2 g5 34. Kh3 Rf4 35. Rxg5 Be7 36. Rxg7+ Kf8 37. Qg6 Qg4+ 38. Kh2 Bf6 39. Qf7# 1-0